<?xml version="1.0" encoding="UTF-8"?>
<collection xmlns="http://www.loc.gov/MARC21/slim">
 <record>
  <leader>01236pamaa2200229   4500</leader>
  <controlfield tag="001">0000051692</controlfield>
  <controlfield tag="005">20130909090000.0</controlfield>
  <controlfield tag="008">130913s2013                             eng  </controlfield>
  <datafield tag="020" ind1="0" ind2="0">
   <subfield code="a">9781430257226 (pbk.) </subfield>
  </datafield>
  <datafield tag="090" ind1="0" ind2="0">
   <subfield code="a">QA76.76.A65 </subfield>
   <subfield code="b">FRI 2013</subfield>
  </datafield>
  <datafield tag="100" ind1="1" ind2="0">
   <subfield code="a">Friesen </subfield>
  </datafield>
  <datafield tag="245" ind1="1" ind2="0">
   <subfield code="a">Learn Java for android development  </subfield>
   <subfield code="c">Jeff Friesen.</subfield>
  </datafield>
  <datafield tag="250" ind1="0" ind2="0">
   <subfield code="a">2nd ed.</subfield>
  </datafield>
  <datafield tag="260" ind1="0" ind2="0">
   <subfield code="a">New York, NY: </subfield>
   <subfield code="b">Apress, </subfield>
   <subfield code="c">2013.</subfield>
  </datafield>
  <datafield tag="300" ind1=" " ind2=" ">
   <subfield code="a">xxvi, 751p: </subfield>
   <subfield code="b">ill.; </subfield>
   <subfield code="c">24 cm.</subfield>
  </datafield>
  <datafield tag="501" ind1="0" ind2="0">
   <subfield code="a">BITI</subfield>
  </datafield>
  <datafield tag="504" ind1="0" ind2="0">
   <subfield code="a">Includes bibliographical references and index</subfield>
  </datafield>
  <datafield tag="505" ind1="0" ind2="0">
   <subfield code="a">Teaches programmers of any skill level the essential Java language and foundational Java API skills that must be learned to improve the programmer's chances of succeeding as an Android app developer. Each of the book's 14 chapters provides an exercise section that gives you the opportunity to reinforce your understanding of the chapter's material. Answers to the book's more than 500 exercises are provided in an appendix. A second appendix provides a significant game-oriented Java application, which you can convert into an Android app</subfield>
  </datafield>
  <datafield tag="650" ind1="0" ind2="0">
   <subfield code="a">Application software -- </subfield>
   <subfield code="x">Development </subfield>
  </datafield>
  <datafield tag="650" ind1="0" ind2="0">
   <subfield code="a">Mobile computing </subfield>
  </datafield>
  <datafield tag="650" ind1="0" ind2="0">
   <subfield code="a">Android (Electronic resource) </subfield>
  </datafield>
  <datafield tag="901" ind1=" " ind2=" ">
   <subfield code="u">http://www.apress.com</subfield>
  </datafield>
 </record>
</collection>
